Homoclinic bifurcations in discontinuous differential equations

Bibliographic Details
Main Author: Fečkan, Michal, 1960- (Author)
Format: Article
Language:English
PhysicalDescription:Graf, sch.
ISSN:1336-9180
Subjects:

MARC

LEADER 00000nab a2200000 ar4500
001 vtls009180246
003 SK-MaSNL
005 20260318124817.0
008 080201c2007 xo |||||||||||000 b|eng
015 |a SNBRB2008/02  |2 snkbucl 
038 |a SNKBUCL 
040 |a SNKBUCL  |b slo  |c SNKBUCL  |e AACR2 
041 0 |a eng 
044 |a xo  |c SK 
080 |a 517.938  |2 2001 
100 1 |a Fečkan, Michal,  |d 1960-  |4 aut  |9 233437 
245 1 0 |a Homoclinic bifurcations in discontinuous differential equations  |c Michal Fečkan 
300 |b Graf, sch. 
504 |a Bibliogr. odkazy 
546 |a Res. angl. 
650 0 7 |a diferenciálne rovnice  |2 snkbucl  |9 63334 
650 0 7 |a nespojité diferenciálne rovnice  |2 snkbucl  |9 1294111 
650 0 7 |a homoklinické bifurkácie  |2 snkbucl  |9 1294112 
650 0 7 |a nelineárne perturbácie  |2 snkbucl  |9 1294113 
773 0 |t Journal of applied mathematics, statistics and informatics  |g Vol. 3, no. 1 (2007), p. 5-15  |x 1336-9180 
852 |a SNK  |b KIS3GCP 
958 |a NB 
999 |c 2575210  |d 2577140